Visualizzazione normale
Vista MARC
- Tombolato Pino
di Personal Name
Records bibliografici associati: 1
001 - CONTROL NUMBER
- control field: 857
003 - CONTROL NUMBER IDENTIFIER
- control field: IT-RoPau
005 - DATE AND TIME OF LATEST TRANSACTION
- control field: 20131101211343.0
008 - FIXED-LENGTH DATA ELEMENTS
- fixed length control field: 131101|| aca||aabn | a|a d
040 ## - CATALOGING SOURCE
- Original cataloging agency: IT-RoPau
- Transcribing agency: IT-RoPau
100 ## - HEADING--PERSONAL NAME
- Personal name: Tombolato Pino
- Relator term: Autore testo e musica
- Miscellaneous information: Codice autore testo/musica SPICS: 10145
670 ## - SOURCE DATA FOUND
- Source citation: Work cat.: (IT-RoPau)102430: Di Mario Angelo 853, Natale con i tuoi (Lp Ep Sn 30.52)